Namibia : holiday and travel 1996.
| Format: | Book |
|---|---|
| Published: |
Windhoek:
Advantage Travel Publications,
[199_].
|
| Subjects: |
| LEADER | 00462cam a2200157 7i4500 | ||
|---|---|---|---|
| 001 | 0000004685 | ||
| 005 | 19991025090000.0 | ||
| 002 | ##000006212 | ||
| 020 | 0 | 0 | |a T000005033 |
| 090 | 0 | 0 | |a NAMB 910.202 |b NAM |
| 245 | 0 | 0 | |a Namibia : |b holiday and travel 1996. |
| 260 | 0 | 0 | |a Windhoek: |b Advantage Travel Publications, |c [199_]. |
| 300 | 0 | 0 | |a 176p.. |
| 650 | 0 | 0 | |a Namibia -- |x Description and travel |
| 651 | 0 | 0 | |a Namibia |
| 999 | |a 0000006972 |b Book |c Open shelf |e Business Information Centre | ||